• 首页
  • 本馆介绍
  • 公告通知
  • 最新文献
  • 馆藏检索
  • 电子资源
  • 读者导购
  • 参考咨询
  • 我的图书馆
  • 登录
  • 详细信息显示
  • 放入我的书架
  • 预约/预借图书
  • 作者相关作品
  • 分类相关作品
  • 丛书相关作品
  • 出版社相关作品

书目信息

  • 表格格式
  • 工作单格式
  • 卡片格式
题名:
工业统计习题集
    
 
作者: 佟哲晖 编
分册:  
出版信息: 上海   上海人民出版社  1984
页数: 185页
开本: 21cm
丛书名:
单 册:
中图分类: F402-44
科图分类:
主题词: 工业统计--习题 , 工业经济--经济理论
电子资源:
ISBN:
000 00664nam0 2200253 45
001 0184014071
005 20040429151009.5
010    @dCNY0.52
091    @a4074.535
100    @a19950302d1984 em y0chiy0121 ea
101 0  @achi
102    @aCN@b310000
105    @ay q 000yy
106    @ar
200 10 @a工业统计习题集@Agong ye tong ji xi ti ji@f佟哲晖主编
210    @a上海@c上海人民出版社@d1984
215    @a185页@d21cm
606    @a工业统计@x习题
606 0  @a工业经济@x经济理论
690    @aF402-44
701  0 @a佟哲晖@Atong zhe hui@4编
801  0 @aCN@b上海图书馆@c20040429
801  2 @aCN@bNLC@c20040429
905    @f2@b106432-433@dF402-44@e35
    
    工业统计习题集/佟哲晖主编.-上海:上海人民出版社,1984
    185页;21cm
    
    
    ISBN :CNY0.52
    
●
相关链接 在E读中查询图书 在五车中查询图书 在当当中查询图书 在豆瓣中查询图书


正题名:工业统计习题集     索取号:F402-44/35         预约/预借

序号 登录号 条形码 馆藏地/架位号 状态 备注
1 0106432   000207608   密集书库/ [索取号:F402-44/35] 在馆    
2 0106433   000207591   第一借阅区/ [索取号:F402-44/35] 在馆    
3 0106434   001582585   第一样本阅览室/ [索取号:F402-44/35] 在馆    
唐山师范学院图书馆 欢迎您!
大连网信软件有限公司© 版权所有